Digital Fabrication With Cement Based materials:State Of the Art Report Of The Rilemtc 276 DFC (Record no. 370504)

MARC details
000 -LEADER
fixed length control field 00431 a2200145 4500
005 - DATE AND TIME OF LATEST TRANSACTION
control field 20260223124109.0
008 - FIXED-LENGTH DATA ELEMENTS--GENERAL INFORMATION
fixed length control field 260223b |||||||| |||| 00| 0 eng d
020 ## - INTERNATIONAL STANDARD BOOK NUMBER
International Standard Book Number 9783030905378
082 ## - DEWEY DECIMAL CLASSIFICATION NUMBER
Classification number 720.28/ROU
100 ## - MAIN ENTRY--PERSONAL NAME
Author Roussel N
245 ## - TITLE STATEMENT
Title Digital Fabrication With Cement Based materials:State Of the Art Report Of The Rilemtc 276 DFC
260 ## - PUBLICATION, DISTRIBUTION, ETC.
Name of publisher, distributor, etc. Springer
Date of publication, distribution, etc. 2022
Place of publication, distribution, etc. Switzerland
300 ## - PHYSICAL DESCRIPTION
Extent 222P
Other physical details PB
942 ## - ADDED ENTRY ELEMENTS (KOHA)
Koha item type Reference book
Holdings
Withdrawn status Lost status Source of classification or shelving scheme Damaged status Not for loan Home library Current library Date acquired Vendor Net Price Total Checkouts Full call number Barcode Date last seen Actual Price Bill Date Koha item type
    Dewey Decimal Classification     Dr. Bhanuben Nanavati College of Architecture Dr. Bhanuben Nanavati College of Architecture 23/02/2026 213 6834.82   720.28/ROU BNCA-BK-13466 23/02/2026 10848.92 14/02/2026 Reference book